Statistieken voor 2017 - Jaaroverzicht

Klik hier om de quiz te nemen!

Algemene statistieken

  • Deze quiz is 31 keer genomen
  • De gemiddelde score is 12 van 20

Antwoordstatistieken

BeschrijvingAntwoord% Correct
Deze terreurbeweging werd verslagen in Syrië en IrakIslamitische Staat
100%
Deze prins verloofde zich met Meghan MarklePrins {Harry}
95%
Deze stad werd door Donald Trump als hoofdstad van Israël erkendJeruzalem
90%
Jeff Bezos, de CEO va dit bedrijf, werd de rijkste persoon ter wereldAmazon
85%
Deze virtuele munt bereikte de kaap van 16.000 euroBitcoin
85%
In deze Britse stad werd een aanslag gepleegd tijdens een concert van een popsterManchester
85%
Dit was die Amerikaanse popsterAriana Grande
80%
Deze autonome Spaanse regio hield een onafhankelijkheidsreferendumCatalonië
70%
Deze beweging komt voort dit schandaal en strijdt tegen seksueel geweld#MeToo
70%
Deze song van Luis Fonsi en Daddy Yankee werd een wereldhitDespacito
60%
De VS stapte uit dit internationaal klimaatakoordKlimaatakkoord van {Parijs}
60%
Dit waren Irma, Harvey en MariaOrkanen
55%
Op deze beroemde weg in Barcelona werd een aanslag gepleegdRamblas
55%
Dit bedrijf kocht 20th Century Fox en werd daarmee een entertainmentgigantDisney
50%
Deze filmproducer werd van beschuldigd van seksueel grensoverschrijdend gedragHarvey Weinstein
45%
Deze wielrenner wint als eerste Nederlander ooit de Ronde van ItaliëTom Dumoulin
30%
Op deze beroemde weg in Parijs werd een aanslag gepleegdChamps Élysées
25%
Deze wolkenkrabber in Londen wordt door een brand volledig verwoest. De oorzaak blijkt een ondermaatse brandbestendigheid van het gebouw en nalatigheid van de eigenaar{Grenfell} Tower
20%
Dit deel van Irak hield ook een onafhankelijkheidsreferendumKoerdistan
10%
Dit zeldzaam natuurfenomeen deed zich voor boven het Noord-Amerikaanse continentZonsverduistering
10%

Scoreverdeling

Percentiel versus Aantal Correcte Antwoorden

Procent van Mensen met Elke Score

Uw Scoregeschiedenis

U heeft deze quiz nog niet genomen